| 000 | 00481 a2200193 4500 | ||
|---|---|---|---|
| 003 | OSt | ||
| 005 | 20180116182626.0 | ||
| 008 | 160526b xxu||||| |||| 00| 0 eng d | ||
| 020 | _a0 | ||
| 040 | _c0 | ||
| 082 | _a519.5 BER 2006 | ||
| 100 | _aDR.M. AFZAL BAG | ||
| 110 | _aMIRAJ DIN MIRZA | ||
| 245 |
_aSTATISTICS _bTHEIORY AND METHODS _cDR.M. AFZAL BAG |
||
| 250 | _aVOL 1 | ||
| 260 |
_aCARVAN BOOK LAHORE _c2006 |
||
| 300 |
_a381 p. _bPB |
||
| 942 |
_aNBS _cBK _k519.5 BEG _2ddc |
||
| 999 |
_c342967 _d342967 |
||